000 01415cam a22003617a 4500
003 CHAP
005 20220329142449.0
008 010328s2000 sp a r 00010 spa d
010 _a83845
011 _a84817
020 _a8471148641
035 _a95343
040 _cCHAP
082 0 4 _a639.7
_bP65
100 0 0 _aPolanco Torres, Elisa
_e, dir
_990202
245 1 3 _aLa acuicultura:
_bbiología, regulación, fomento, nuevas tendencias y estrategia comercial
_c/dir. por Elisa Polanco Torres
260 _aMadrid :
_bFundación Alfonso Martín Escudero,
_c2000-
300 _a2v. :
_bilus., gráfs, mapa, tablas, diagramas
500 _aContenido: v.1 Análisis del desarrollo de los cultivos: medio, agua y especies. v.2 Economía y gestión de la acuicultura
590 _aBATCH-UPD
_b10
_c20130110
_lUCH01
_h0809
590 _aBATCH-UPD
_b10
_c20130410
_lUCH01
_h0446
590 _aBATCH-UPD
_b10
_c20130914
_lUCH01
_h1915
590 _aCONVERSION
_b10
_c20130109
_lUCH01
_h1347
650 1 4 _aAcuicultura.
_9758
650 1 4 _aAgricultura y acuicultura.
_92031
650 1 4 _aPiscicultura.
_988531
650 1 4 _aPolítica piscícola.
_990691
901 _aBK
905 _aMarco A. Mendoza T.
942 _cLIBRO
949 _a639.7 P65
_bBC
_cLIBRO
_d33724000819496
_eLIBRO
_fv.1
_gI.210876
_h99911
_i95343
_si
_t$677.45
949 _a639.7 P65
_bBC
_cLIBRO
_d33724000819504
_eLIBRO
_fv.2
_gI.210876
_h99912
_i95343
_si
_t$677.45
999 _c83845
_d83845